<?xml version="1.0" encoding="UTF-8"?>
<record
    xmlns:xsi="http://www.w3.org/2001/XMLSchema-instance"
    xsi:schemaLocation="http://www.loc.gov/MARC21/slim http://www.loc.gov/standards/marcxml/schema/MARC21slim.xsd"
    xmlns="http://www.loc.gov/MARC21/slim">

  <leader>01584nam a2200313Ia 4500</leader>
  <controlfield tag="001">107338</controlfield>
  <controlfield tag="003">DR-UNIBE</controlfield>
  <controlfield tag="005">20260318062558.0</controlfield>
  <controlfield tag="008">00002012020    dr                  spa     0000000000spa00</controlfield>
  <datafield tag="020" ind1=" " ind2=" ">
    <subfield code="a">9789945613537.</subfield>
  </datafield>
  <datafield tag="040" ind1=" " ind2=" ">
    <subfield code="a">BIBLIOTECA UNIBE</subfield>
    <subfield code="c">BIBLIOTECA UNIBE</subfield>
    <subfield code="b">spa</subfield>
    <subfield code="e">rda</subfield>
  </datafield>
  <datafield tag="041" ind1=" " ind2=" ">
    <subfield code="a">spa</subfield>
  </datafield>
  <datafield tag="082" ind1="0" ind2=" ">
    <subfield code="a">RD 868.42 D542de</subfield>
  </datafield>
  <datafield tag="100" ind1=" " ind2="0">
    <subfield code="a"> Vigil D&#xED;az,  </subfield>
    <subfield code="q">(Vigil D&#xED;az, Otilio Andr&#xE9;s Marcelino Celestino),</subfield>
    <subfield code="d">1880-1961</subfield>
    <subfield code="e">autor</subfield>
    <subfield code="9">113570</subfield>
  </datafield>
  <datafield tag="245" ind1="1" ind2="4">
    <subfield code="a">Del Sena al Ozama y Fata Morganas / </subfield>
    <subfield code="c">Vigil D&#xED;az ; edici&#xF3;n: Andr&#xE9;s Blanco D&#xED;az ; diagramaci&#xF3;n y portada: Editorial Santuario ; tarjeta de  portada: Lucas Tr&#xED;as Casta&#xF1;er</subfield>
  </datafield>
  <datafield tag="250" ind1=" " ind2=" ">
    <subfield code="a">Primera edici&#xF3;n</subfield>
  </datafield>
  <datafield tag="260" ind1="4" ind2=" ">
    <subfield code="a">Santo Domingo : </subfield>
    <subfield code="b">Archivo General de la Naci&#xF3;n (AGN),</subfield>
    <subfield code="c">2020</subfield>
  </datafield>
  <datafield tag="300" ind1="4" ind2=" ">
    <subfield code="a">356 p&#xE1;ginas :  </subfield>
    <subfield code="b">foto en b/n ;</subfield>
    <subfield code="c">22 x 15 cm</subfield>
  </datafield>
  <datafield tag="490" ind1=" " ind2=" ">
    <subfield code="a">Archivo General de la Naci&#xF3;n ; </subfield>
    <subfield code="v">386</subfield>
  </datafield>
  <datafield tag="500" ind1=" " ind2=" ">
    <subfield code="a">Informaci&#xF3;n del autor en las solapas. Portada: fotograf&#xED;a vista parcial de la ciudad de Santo Domingo desde el Placer de los Estudios, tarjeta postal por Lucas Tr&#xED;as Casta&#xF1;er</subfield>
  </datafield>
  <datafield tag="505" ind1="4" ind2=" ">
    <subfield code="a">Presentaci&#xF3;n |
Primera parte. 
A orillas del Sena |
Segunda parte. 
A orillas del Ozama |
Fata morganas |
&#xCD;ndice onom&#xE1;stico
</subfield>
  </datafield>
  <datafield tag="650" ind1=" " ind2="7">
    <subfield code="2">lemb</subfield>
    <subfield code="a">Ensayos dominicanos</subfield>
    <subfield code="9">184920</subfield>
  </datafield>
  <datafield tag="650" ind1=" " ind2="7">
    <subfield code="2">lemb</subfield>
    <subfield code="a">Literatura dominicana</subfield>
    <subfield code="9">113420</subfield>
  </datafield>
  <datafield tag="700" ind1="1" ind2="0">
    <subfield code="a">Blanco D&#xED;az, Andr&#xE9;s,</subfield>
    <subfield code="d">1954-</subfield>
    <subfield code="e">editor</subfield>
    <subfield code="9">144547</subfield>
  </datafield>
  <datafield tag="700" ind1="1" ind2="0">
    <subfield code="a">Tr&#xED;as Casta&#xF1;er, Lucas</subfield>
    <subfield code="e">tarjeta postal de portada</subfield>
    <subfield code="9">194309</subfield>
  </datafield>
  <datafield tag="710" ind1="1" ind2="0">
    <subfield code="a">Editorial Santuario</subfield>
    <subfield code="9">165984</subfield>
    <subfield code="e">diagramador</subfield>
    <subfield code="e">dise&#xF1;ador de portada</subfield>
  </datafield>
  <datafield tag="942" ind1=" " ind2=" ">
    <subfield code="c">BK</subfield>
    <subfield code="2">ddc</subfield>
  </datafield>
  <datafield tag="951" ind1=" " ind2=" ">
    <subfield code="a">20061022 10:18:00</subfield>
  </datafield>
  <datafield tag="999" ind1=" " ind2=" ">
    <subfield code="c">107338</subfield>
    <subfield code="d">107338</subfield>
  </datafield>
  <datafield tag="952" ind1=" " ind2=" ">
    <subfield code="0">0</subfield>
    <subfield code="1">0</subfield>
    <subfield code="2">ddc</subfield>
    <subfield code="7">0</subfield>
    <subfield code="8">GEN-RD</subfield>
    <subfield code="a">Principal</subfield>
    <subfield code="b">Principal</subfield>
    <subfield code="d">2025-04-16</subfield>
    <subfield code="l">1</subfield>
    <subfield code="o">RD 868.42 D542de</subfield>
    <subfield code="p">210036</subfield>
    <subfield code="r">2025-05-14 12:22:07</subfield>
    <subfield code="s">2025-05-14</subfield>
    <subfield code="t">Ej. 1</subfield>
    <subfield code="w">2020-01-29</subfield>
    <subfield code="y">BK</subfield>
  </datafield>
  <datafield tag="952" ind1=" " ind2=" ">
    <subfield code="0">0</subfield>
    <subfield code="1">0</subfield>
    <subfield code="2">ddc</subfield>
    <subfield code="7">0</subfield>
    <subfield code="8">GEN-RD</subfield>
    <subfield code="a">Principal</subfield>
    <subfield code="b">Principal</subfield>
    <subfield code="d">2025-04-16</subfield>
    <subfield code="l">0</subfield>
    <subfield code="o">RD 868.42 D542de</subfield>
    <subfield code="p">250479</subfield>
    <subfield code="r">2025-04-16 09:04:40</subfield>
    <subfield code="t">Ej. 2</subfield>
    <subfield code="w">2025-04-16</subfield>
    <subfield code="y">BK</subfield>
  </datafield>
</record>
